Jumpstarting south asia: (Record no. 193714)

MARC details
000 -LEADER
fixed length control field 00678nam a22001937a 4500
005 - DATE AND TIME OF LATEST TRANSACTION
control field 20221110121011.0
010 ## - LCCN (DPL NO)
LC control number ENG-135658
020 ## - INTERNATIONAL STANDARD BOOK NUMBER
International Standard Book Number 9780199479283
Terms of availability 795.00
035 ## - SYSTEM CONTROL NUMBER
System control number EN-119190
037 ## - SOURCE OF ACQUISITION
Source of stock number/acquisition DBAD/PUB
082 ## - DEWEY DECIMAL CLASSIFICATION NUMBER
Classification number 330.954
100 ## - MAIN ENTRY--PERSONAL NAME
Personal name Rana, Pradumna B.
245 ## - TITLE STATEMENT
Title Jumpstarting south asia:
Remainder of title revisiting economic reforms and look east policies/
Statement of responsibility, etc by Pradumna B. Rana & Wai-Mun Chia
260 ## - PUBLICATION, DISTRIBUTION, ETC. (IMPRINT)
Place of publication, distribution, etc Daryaganj
Name of publisher, distributor, etc Oxford University Press
Date of publication, distribution, etc 2018
270 ## - ADDRESS
Address 2/11 Ground Floor, Ansari Road, Daryaganj
City New Delhi
Postal code 110002
300 ## - PHYSICAL DESCRIPTION
Extent xii: 256p.
Dimensions 23cm(hbk)
Other physical details Reference & Index
700 ## - ADDED ENTRY--PERSONAL NAME
Personal name Chia, Wai-Mun
Relator term Author
942 ## - ADDED ENTRY ELEMENTS (KOHA)
Source of classification or shelving scheme Dewey Decimal Classification
Item type English Books
Call number suffix RAN
Classification part 330.954
Holdings
Withdrawn status Lost status Not for loan Collection code Home library Current library Date acquired Source of acquisition Cost, normal purchase price Full call number Barcode Copy number Cost, replacement price Koha item type
      Non-fiction Ashok Vihar Ashok Vihar 10/11/2022 DBAD/PUB 795.00 330.954 RAN EN-119190 1 795.00 English Books

© Delhi Public Library
Hit Counter
free hit counter